Tourism: Principles and practices (Record no. 2411)

MARC details
000 -LEADER
fixed length control field 00472nam a2200169Ia 4500
008 - FIXED-LENGTH DATA ELEMENTS--GENERAL INFORMATION
fixed length control field 230917s9999||||xx |||||||||||||| ||und||
020 ## - ISBN
Price RS 1000.00
040 ## - CATALOGING SOURCE
-- 5015228
Original cataloging agency VIVEKANANDA LIBRARY
041 ## - Language
-- English
082 ## - DDC NUMBER
Classification number 338.4791 S28T
100 ## - MAIN ENTRY--PERSONAL NAME
Personal name Swain, Sampada Kumar
245 #0 - TITLE STATEMENT
Title Tourism: Principles and practices
260 ## - PUBLICATION, DISTRIBUTION, ETC. (IMPRINT)
Place of publication, distribution, etc New Delhi
Name of publisher, distributor, etc Oxford University Press
Date of publication, distribution, etc 2019
300 ## - PHYSICAL DESCRIPTION
Pages xv, 748 p.
500 ## - GENERAL NOTE
General note 4084 29/09/2021 HBD22/8982 12/11/2021 IHTM (SFS)
942 ## - ADDED ENTRY ELEMENTS (KOHA)
Koha item type Books
Holdings
Withdrawn status Lost status Damaged status Not for loan Location (home branch) Sublocation or collection (holding branch) Shelving location Date acquired Koha issues (times borrowed) Koha full call number Accession No. Koha date last seen Koha item type
        VIVEKANANDA LIBRARY VIVEKANANDA LIBRARY IHTM Library 25/01/2022 3 338.4791 S28T 398349 21/03/2025 Books
        VIVEKANANDA LIBRARY VIVEKANANDA LIBRARY IHTM Library 25/01/2022 1 338.4791 S28T 398350 02/09/2024 Books
        VIVEKANANDA LIBRARY VIVEKANANDA LIBRARY IHTM Library 25/01/2022 2 338.4791 S28T 398351 11/10/2024 Books
        VIVEKANANDA LIBRARY VIVEKANANDA LIBRARY IHTM Library 25/01/2022 1 338.4791 S28T 398352 07/11/2023 Books
        VIVEKANANDA LIBRARY VIVEKANANDA LIBRARY IHTM Library 25/01/2022 4 338.4791 S28T 398353 20/05/2024 Books
© Designed and Maintained by Vivekananda Library, MDU Rohtak